000 01712cas a22004337a 4500
005 20220329142004.0
008 981125c1921 us zr p rnn 0 0b1eng d
010 _a76717
011 _a77689
022 0 _a1087-9978
035 _a87359
245 0 4 _aThe American Gardener
_c/by American Horticultural Society
260 _aAlexandria, Vi. :
_bAmerican Horticultural Society,
_c1921-
300 _av. :
_bil.
310 _aBimestral
362 0 _av.75 n.3, 1996
508 _aPublicación oficial de American Horticultural Society
590 _aBATCH-UPD
_b10
_c20130110
_lUCH01
_h0606
590 _aBATCH-UPD
_b10
_c20130410
_lUCH01
_h0248
590 _aBATCH-UPD
_b10
_c20130410
_lUCH01
_h1624
590 _aBATCH-UPD
_b10
_c20130914
_lUCH01
_h1420
590 _aCONVERSION
_b10
_c20130109
_lUCH01
_h1342
650 1 4 _aFloricultura
_xPublicaciones periódicas.
_941847
650 1 4 _aJardinería
_xPublicaciones periódicas.
_961145
866 _av. 80 n. 1 (Jan. 2001) - v. 80 n. 6 (Dec. 2001)
866 _av. 81 n. 1 (Jan./Feb. 2002)
866 _av. 82 n. 1 (Jan. 2003) - v. 82 n. 6 (Dec. 2003)
866 _av. 83 n. 3 (May/Jun. 2004)
866 _av. 85 n. 5 (Sep. 2006) - v. 85 n. 6 (Dec. 2006)
866 _av. 86 n. 1 (Jan. 2007) - v. 86 n. 3 (Jun. 2007)
866 _av. 87 n. 3 (May 2008) - v. 87 n. 6 (Dec. 2008)
866 _av. 88 n. 1 (Jan. 2009) - v. 88 n. 6 (Dec. 2009)
866 _av. 89 n. 1 (Jan. 2010) - v. 89 n. 5 (Oct. 2010)
866 _av.75 n.3-6 - (1996)
866 _av.76 n.1-3 - (1997)
866 _av.76 n.5-v.79 n.6 - (1997-2000)
901 _aSE
999 _c76717
_d76717